[Event "European Women-ch 2023"]
[Site "Petrovac"]
[Date "2023.03.28"]
[Round "10.10"]
[White "Mammadova, Gulnar"]
[Black "Gajcin, Marina"]
[Result "1-0"]
[WhiteElo "2358"]
[BlackElo "2215"]
[Annotator "TA"]
[PlyCount "89"]
[EventDate "2023.03.15"]
[EventType "swiss"]
[EventCountry "MNE"]
[SourceTitle "playchess.com"]
[Source "ChessBase"]
[SourceQuality "1"]

1. e4 c5 2. Nf3 e6 3. c3 Nf6 4. e5 Nd5 5. d4 cxd4 6. cxd4 Nc6 7. Bc4 d6 8. O-O Be7 9. Qe2 Nb6 10. Bb3 dxe5 11. dxe5 Nd4 12. Nxd4 Qxd4 13. Rd1 Qc5 14. Nc3 Bd7 15. Bf4 Bc6 16. a3 g5 17. Be3 Qxe5 18. Qh5 Qf5 19. Rac1 Qg6 20. Qe2 O-O 21. Bd4 Bf6 22. Bc2 Qg7 23. Bxf6 Qxf6 24. Rd3 Nd5 25. Nxd5 Bxd5 26. Rg3 h6 27. Re1 Qg7 28. h4 f5 29. hxg5 hxg5 30. Bb3 Bxb3 31. Rxb3 Rae8 32. Qc4 Rf6 33. Qb5 Re7 34. Rd3 Rh6 35. Rd8+ Kh7 36. Red1 a6 37. Qc5 Rf7 38. Qc8 Qxb2 39. R8d7 Rhf6 40. Qf8 Kg6 41. Qg8+ Kh5 42. Qh8+ Kg6 43. Rxf7 Kxf7 44. Rd7+ Kg6 45. Qh7# 1-0

[Event "European Women-ch 2023"]
[Site "Petrovac"]
[Date "2023.03.28"]
[Round "10.10"]
[White "Pogorelskikh, Sofia"]
[Black "Makka, Ioulia"]
[Result "1-0"]
[WhiteElo "2102"]
[BlackElo "1949"]
[Annotator "TA"]
[PlyCount "81"]
[EventDate "2023.03.15"]
[EventType "swiss"]
[EventCountry "MNE"]
[SourceTitle "playchess.com"]
[Source "ChessBase"]
[SourceQuality "1"]

1. e4 e5 2. Nf3 Nc6 3. Bb5 a6 4. Ba4 d6 5. O-O Nf6 6. Re1 Bd7 7. c3 g6 8. d4 Bg7 9. h3 O-O 10. Nbd2 Re8 11. Bc2 a5 12. Nf1 a4 13. Ng3 b5 14. Be3 Na5 15. Nd2 Qc8 16. f4 exd4 17. cxd4 c5 18. d5 c4 19. Nf3 Re7 20. e5 Ne8 21. Bd4 Nb7 22. Ne4 Qd8 23. Rf1 Bc8 24. Bf2 dxe5 25. fxe5 Bxe5 26. Bh4 Qb6+ 27. Kh1 f6 28. Nxe5 Rxe5 29. Nxf6+ Nxf6 30. Bxf6 Rh5 31. Qe2 Bxh3 32. gxh3 Rxh3+ 33. Kg2 Re3 34. Qf2 Qc5 35. Rad1 Rae8 36. Rd2 Qc8 37. Qh4 Nd6 38. Bxg6 Re2+ 39. Rxe2 Rxe2+ 40. Kf3 Rd2 41. Qxh7+ 1-0

[Event "European Women-ch 2023"]
[Site "Petrovac"]
[Date "2023.03.28"]
[Round "10.11"]
[White "Osmak, Yuliia"]
[Black "Sieber, Fiona"]
[Result "1-0"]
[WhiteElo "2445"]
[BlackElo "2217"]
[Annotator "TA"]
[PlyCount "97"]
[EventDate "2023.03.15"]
[EventType "swiss"]
[EventCountry "MNE"]
[SourceTitle "playchess.com"]
[Source "ChessBase"]
[SourceQuality "1"]

1. d4 Nf6 2. c4 e6 3. Nc3 Bb4 4. e3 O-O 5. Bd2 b6 6. Nf3 d5 7. cxd5 exd5 8. Bd3 Bd6 9. O-O Re8 10. Qb1 Ba6 11. Rd1 Bxd3 12. Qxd3 c6 13. Rac1 Nbd7 14. Ne2 Rc8 15. Rc2 Ne4 16. Rdc1 Re6 17. Nf4 Rh6 18. g3 Rc7 19. Qe2 Qc8 20. Be1 Ndf6 21. Ne5 c5 22. f3 Ng5 23. g4 Bxe5 24. dxe5 Nd7 25. h4 Nxf3+ 26. Qxf3 Nxe5 27. Qg3 Rd7 28. h5 Rhd6 29. Bc3 Qe8 30. Bxe5 Qxe5 31. Rd1 d4 32. exd4 Rxd4 33. Re1 Rd1 34. Rce2 Qd4+ 35. Qf2 g5 36. h6 f6 37. Rxd1 Qxd1+ 38. Re1 Qxg4+ 39. Ng2 Kf7 40. Rf1 Rd6 41. Qc2 Qd4+ 42. Kh2 Qd3 43. Qc1 Rd4 44. Qe1 Qd2 45. Qg3 Kg6 46. Rf2 Qc1 47. Qf3 Rd6 48. Qe4+ Kh5 49. Qe8+ 1-0

[Event "European Women-ch 2023"]
[Site "Petrovac"]
[Date "2023.03.28"]
[Round "10.11"]
[White "Brunello, Marina"]
[Black "Lach, Aleksandra"]
[Result "1-0"]
[WhiteElo "2346"]
[BlackElo "2170"]
[Annotator "TA"]
[PlyCount "153"]
[EventDate "2023.03.15"]
[EventType "swiss"]
[EventCountry "MNE"]
[SourceTitle "playchess.com"]
[Source "ChessBase"]
[SourceQuality "1"]

1. e4 c5 2. Nf3 g6 3. d4 cxd4 4. Nxd4 Bg7 5. c4 Nc6 6. Be3 Qb6 7. Nb5 Qa5+ 8. N1c3 Nf6 9. f3 O-O 10. Qd2 a6 11. Nd4 Nxd4 12. Bxd4 d6 13. Rb1 Be6 14. Be2 Rfc8 15. b4 Qc7 16. Nd5 Bxd5 17. exd5 Nd7 18. Bxg7 Kxg7 19. O-O Nf6 20. Qd4 a5 21. a3 axb4 22. axb4 Ra2 23. Rfe1 Qd7 24. Bd1 e5 25. dxe6 fxe6 26. Bb3 e5 27. Qe3 Ra3 28. Qc1 Ra6 29. Qd2 b5 30. Qe2 bxc4 31. Bxc4 Rac6 32. Bd3 Nd5 33. Qf2 Rc3 34. Bf1 Rc2 35. Qh4 Qa7+ 36. Kh1 Nf6 37. b5 Qb6 38. Ra1 Rb2 39. Rec1 Rcc2 40. Rxc2 Rxc2 41. Qa4 Rc7 42. Qa8 e4 43. Qd8 exf3 44. gxf3 Qb7 45. Qxd6 Rd7 46. Qf4 Nh5 47. Qe4 Nf6 48. Qxb7 Rxb7 49. Rd1 Ne8 50. f4 Kf6 51. Rd5 Ke7 52. Re5+ Kd8 53. Bg2 Rb8 54. Bc6 Nd6 55. Kg2 Kc7 56. Re7+ Kb6 57. Rxh7 Rf8 58. Kg3 Nf5+ 59. Kg4 Ne3+ 60. Kf3 Nf5 61. Bd7 Nd4+ 62. Ke3 Nxb5 63. Bxb5 Kxb5 64. Rh6 Rg8 65. Kf3 Kc5 66. Kg4 Kd5 67. Kg5 Re8 68. Rxg6 Re2 69. h4 Rg2+ 70. Kf5 Rh2 71. Rh6 Rh1 72. Kf6 Ke4 73. f5 Kf4 74. Rh5 Kg4 75. Kg6 Ra1 76. f6 Rf1 77. Rh8 1-0

[Event "European Women-ch 2023"]
[Site "Petrovac"]
[Date "2023.03.28"]
[Round "10.12"]
[White "Mammadzada, Gunay"]
[Black "Mkrtchyan, Mariam"]
[Result "0-1"]
[WhiteElo "2472"]
[BlackElo "2343"]
[Annotator "TA"]
[PlyCount "104"]
[EventDate "2023.03.15"]
[EventType "swiss"]
[EventCountry "MNE"]
[SourceTitle "playchess.com"]
[Source "ChessBase"]
[SourceQuality "1"]

1. e4 e5 2. Nf3 Nc6 3. Bb5 a6 4. Ba4 Nf6 5. O-O Be7 6. Re1 b5 7. Bb3 O-O 8. c3 Na5 9. Bc2 d5 10. d4 dxe4 11. Nxe5 c5 12. dxc5 Bxc5 13. Qxd8 Rxd8 14. b4 Bd6 15. f4 exf3 16. Nxf3 Nc4 17. Nbd2 Nxd2 18. Bxd2 Bb7 19. Bg5 Rac8 20. Bxf6 gxf6 21. Re3 Bf4 22. Re2 Rxc3 23. Rf1 Be3+ 24. Kh1 Rdc8 25. Bb3 Rc1 26. Rfe1 Rxe1+ 27. Nxe1 Bd4 28. Nc2 Be5 29. Rd2 Be4 30. Kg1 f5 31. g3 Bf6 32. Ne3 Bg5 33. Kf2 Rc3 34. Re2 f4 35. Nd5 fxg3+ 36. hxg3 Rf3+ 37. Ke1 Bd3 38. Rf2 Rxg3 39. Nf4 Bc4 40. Bxc4 bxc4 41. Nd5 Rd3 42. Rf5 h6 43. Nc7 Bd2+ 44. Ke2 Bxb4 45. Nxa6 Be7 46. Nb8 Ra3 47. Nc6 Rxa2+ 48. Ke3 Bd6 49. Kd4 Rc2 50. Nd8 f6 51. Rxf6 Bf8 52. Rg6+ Kh7 0-1

[Event "European Women-ch 2023"]
[Site "Petrovac"]
[Date "2023.03.28"]
[Round "10.12"]
[White "Antolak, Julia"]
[Black "Ovod, Evgenija"]
[Result "0-1"]
[WhiteElo "2276"]
[BlackElo "2305"]
[Annotator "TA"]
[PlyCount "92"]
[EventDate "2023.03.15"]
[EventType "swiss"]
[EventCountry "MNE"]
[SourceTitle "playchess.com"]
[Source "ChessBase"]
[SourceQuality "1"]

1. d4 f5 2. Bg5 h6 3. Bh4 g5 4. e3 Nf6 5. Bg3 Bg7 6. Bd3 d6 7. h4 g4 8. c3 Nh5 9. Qc2 O-O 10. Ne2 e5 11. dxe5 dxe5 12. Na3 c6 13. O-O-O Qf6 14. f3 gxf3 15. gxf3 b5 16. Rhg1 Be6 17. Bh2 Nd7 18. Ng3 Nxg3 19. Rxg3 Rf7 20. h5 Nf8 21. Rg2 Rd8 22. e4 Rfd7 23. Rgd2 f4 24. Bf1 Qf7 25. Rxd7 Rxd7 26. Rxd7 Nxd7 27. Bg1 Qxh5 28. Qg2 a5 29. c4 b4 30. Nc2 Qg5 31. Qxg5 hxg5 32. Ne1 Bf8 33. Nd3 Bxc4 34. Bh3 Bxd3 35. Bxd7 Be2 36. Bg4 a4 37. Bb6 Kf7 38. b3 a3 39. Bc7 Kf6 40. Bd8+ Be7 41. Bc7 c5 42. Kc2 c4 43. bxc4 Bxc4 44. Kb1 b3 45. axb3 Bxb3 46. Bb6 Bb4 0-1

[Event "European Women-ch 2023"]
[Site "Petrovac"]
[Date "2023.03.28"]
[Round "10.12"]
[White "Silva, Mariana Sofia T."]
[Black "Abdinova, Narmin"]
[Result "0-1"]
[WhiteElo "1920"]
[BlackElo "2090"]
[Annotator "TA"]
[PlyCount "148"]
[EventDate "2023.03.15"]
[EventType "swiss"]
[EventCountry "MNE"]
[SourceTitle "playchess.com"]
[Source "ChessBase"]
[SourceQuality "1"]

1. d4 d5 2. c4 e6 3. Nf3 c5 4. cxd5 exd5 5. g3 Nc6 6. Bg2 cxd4 7. Nxd4 Qb6 8. Nb3 Be6 9. O-O Rd8 10. N1d2 Nf6 11. Nf3 d4 12. Bg5 Be7 13. Nc1 h6 14. Bxf6 Bxf6 15. Nd3 O-O 16. Qa4 Bf5 17. Nfe1 Rfe8 18. Qd1 Rc8 19. h4 a6 20. Qd2 a5 21. Bf3 Be4 22. Bg4 Rcd8 23. Rc1 Bd5 24. b3 Ne5 25. Nxe5 Bxe5 26. Nd3 Qg6 27. Nxe5 Rxe5 28. Qf4 Ree8 29. Bf5 Qf6 30. Bd3 Qxf4 31. gxf4 Be4 32. Bb5 Re6 33. f3 Bf5 34. Kf2 Red6 35. Rc7 b6 36. Rd1 g6 37. Bd3 Bxd3 38. Rxd3 Kg7 39. a3 Rf6 40. Kg3 Re6 41. Rc2 Kf6 42. Rcd2 Kf5 43. Rxd4 Rxd4 44. Rxd4 Rxe2 45. Rd5+ Kf6 46. Rd6+ Re6 47. Rd3 Rc6 48. Rd5 Ke6 49. Rd3 Rd6 50. Re3+ Kd7 51. Rc3 Rd4 52. Re3 Rd2 53. Rc3 Ke6 54. Rc6+ Rd6 55. Rc3 f6 56. Re3+ Kf5 57. Rc3 h5 58. a4 Rd4 59. Rc6 Rb4 60. Rc3 Rxf4 61. Rd3 Rb4 62. Re3 g5 63. hxg5 fxg5 64. Rd3 Ke5 65. Kh3 Rd4 66. Rc3 Kf4 67. Kg2 Rd2+ 68. Kf1 Rb2 69. Rd3 Kg3 70. Ke1 h4 71. Rd5 h3 72. Rxg5+ Kf4 73. Rh5 h2 74. Kf1 Kg3 0-1

[Event "European Women-ch 2023"]
[Site "Petrovac"]
[Date "2023.03.28"]
[Round "10.13"]
[White "Efroimski, Marsel"]
[Black "Zhukova, Natalia"]
[Result "1-0"]
[WhiteElo "2451"]
[BlackElo "2322"]
[Annotator "TA"]
[PlyCount "107"]
[EventDate "2023.03.15"]
[EventType "swiss"]
[EventCountry "MNE"]
[SourceTitle "playchess.com"]
[Source "ChessBase"]
[SourceQuality "1"]

1. e4 e6 2. d4 d5 3. e5 c5 4. c3 Nc6 5. Nf3 Bd7 6. Be2 Nge7 7. O-O Ng6 8. g3 f6 9. exf6 Qxf6 10. Bg5 Qf7 11. c4 cxd4 12. cxd5 exd5 13. Nxd4 Bc5 14. Nb3 Bb6 15. Nc3 O-O 16. Qxd5 Be6 17. Qg2 Qf5 18. Be3 Bxe3 19. fxe3 Qg5 20. e4 a5 21. Bb5 a4 22. Bxa4 Bc4 23. Rf5 Rxf5 24. exf5 Nge5 25. Bxc6 bxc6 26. Qe4 Re8 27. Kg2 Bf7 28. Qf4 Qd8 29. Re1 Nc4 30. Rxe8+ Qxe8 31. Qf2 Ne3+ 32. Kg1 Qe5 33. Qe1 Bh5 34. h3 Bf3 35. Kf2 Qxf5 36. Kxe3 Bg2 37. Kd2 Qd7+ 38. Kc1 Bxh3 39. Nc5 Qd8 40. Qe5 h6 41. a4 Qf8 42. Kb1 Qf1+ 43. Ka2 Bg2 44. Qe2 Qh1 45. Qc4+ Kh8 46. N5e4 Qh5 47. Qxc6 Qf7+ 48. Ka3 Qf1 49. Kb3 Qf7+ 50. Qc4 Qf5 51. Nd6 Qf2 52. Qc8+ Kh7 53. Qf5+ Qxf5 54. Nxf5 1-0

[Event "European Women-ch 2023"]
[Site "Petrovac"]
[Date "2023.03.28"]
[Round "10.13"]
[White "Lehaci, Miruna-Daria"]
[Black "Zimina, Olga"]
[Result "1/2-1/2"]
[WhiteElo "2202"]
[BlackElo "2295"]
[Annotator "TA"]
[PlyCount "52"]
[EventDate "2023.03.15"]
[EventType "swiss"]
[EventCountry "MNE"]
[SourceTitle "playchess.com"]
[Source "ChessBase"]
[SourceQuality "1"]

1. d4 d5 2. Nc3 Nf6 3. Bf4 c5 4. e4 Nxe4 5. Nxe4 dxe4 6. dxc5 Qa5+ 7. c3 Qxc5 8. Be3 Qa5 9. Bc4 Nc6 10. Bd5 g6 11. Qb3 e6 12. Bxe4 Bg7 13. Nf3 O-O 14. O-O Qc7 15. Rad1 Bd7 16. Bc5 Rfc8 17. Bd6 Qb6 18. Qc2 Be8 19. Qe2 Na5 20. Be5 Bb5 21. Bd3 Bxd3 22. Rxd3 Rd8 23. Bxg7 Kxg7 24. Rfd1 Rxd3 25. Rxd3 Rd8 26. Rxd8 Qxd8 1/2-1/2

[Event "European Women-ch 2023"]
[Site "Petrovac"]
[Date "2023.03.28"]
[Round "10.13"]
[White "Valkova, Angelika"]
[Black "Karaivanova, Petya"]
[Result "1-0"]
[WhiteElo "2055"]
[BlackElo "1875"]
[Annotator "TA"]
[PlyCount "61"]
[EventDate "2023.03.15"]
[EventType "swiss"]
[EventCountry "MNE"]
[SourceTitle "playchess.com"]
[Source "ChessBase"]
[SourceQuality "1"]

1. d4 d5 2. c4 e6 3. Nc3 Nf6 4. cxd5 exd5 5. Bg5 Be7 6. e3 c6 7. Bd3 h6 8. Bh4 Nbd7 9. Nge2 O-O 10. O-O Ne4 11. Bxe7 Qxe7 12. Bxe4 dxe4 13. Ng3 f5 14. f3 exf3 15. Rxf3 Nf6 16. Qd3 g6 17. Nge2 Be6 18. Rg3 Kh7 19. Nf4 Bf7 20. Qc2 Rad8 21. Nd3 Nh5 22. Rh3 f4 23. Ne5 Qg5 24. Ne4 Qe7 25. Rxh5 Kg7 26. Rh3 fxe3 27. Rxe3 Rxd4 28. Nxf7 Rxf7 29. Qc3 Qe5 30. Nc5 Qf6 31. Qxd4 1-0

[Event "European Women-ch 2023"]
[Site "Petrovac"]
[Date "2023.03.28"]
[Round "10.14"]
[White "Urh, Zala"]
[Black "Zaksaite, Salomeja"]
[Result "0-1"]
[WhiteElo "2294"]
[BlackElo "2187"]
[Annotator "TA"]
[PlyCount "102"]
[EventDate "2023.03.15"]
[EventType "swiss"]
[EventCountry "MNE"]
[SourceTitle "playchess.com"]
[Source "ChessBase"]
[SourceQuality "1"]

1. d4 Nf6 2. c4 g6 3. Nc3 Bg7 4. e4 d6 5. Be2 O-O 6. Be3 c5 7. d5 e6 8. Nf3 exd5 9. exd5 Re8 10. O-O Bg4 11. h3 Bxf3 12. Bxf3 Rxe3 13. fxe3 Qe7 14. Qe2 Nbd7 15. Rab1 Re8 16. a3 Bh6 17. e4 Bg7 18. Rbc1 h5 19. b4 Nh7 20. Na4 f5 21. Rce1 Qh4 22. g3 Qxh3 23. Qh2 Bd4+ 24. Kh1 Qxh2+ 25. Kxh2 Ng5 26. Kg2 fxe4 27. Be2 Kg7 28. bxc5 dxc5 29. Rb1 b6 30. Rb3 Ne5 31. Nc3 Nef3 32. Rd1 h4 33. gxh4 Nxh4+ 34. Kg3 Nf5+ 35. Kg4 Kf6 36. Rh1 Be5 37. Nd1 Nd4 38. Re3 Nf5 39. Rb3 Bd4 40. Nc3 e3 41. Bd3 Bxc3 42. Rxc3 e2 43. Rcc1 Re3 44. Bc2 Rg3+ 45. Kf4 Rf3+ 46. Kg4 Ne3+ 47. Kh4 Nxc2 48. Rxc2 Rf1 49. Rxe2 Rxh1+ 50. Kg4 Rg1+ 51. Kf4 Rc1 0-1

[Event "European Women-ch 2023"]
[Site "Petrovac"]
[Date "2023.03.28"]
[Round "10.14"]
[White "Krasteva, Beloslava"]
[Black "Bulmaga, Irina"]
[Result "0-1"]
[WhiteElo "2292"]
[BlackElo "2438"]
[Annotator "TA"]
[PlyCount "78"]
[EventDate "2023.03.15"]
[EventType "swiss"]
[EventCountry "MNE"]
[SourceTitle "playchess.com"]
[Source "ChessBase"]
[SourceQuality "1"]

1. d4 Nf6 2. Nf3 g6 3. Bg5 Bg7 4. Nbd2 O-O 5. e4 d5 6. e5 Ne4 7. Be3 c5 8. c3 cxd4 9. cxd4 f6 10. Bd3 Nxd2 11. Qxd2 Nc6 12. exf6 exf6 13. O-O Bg4 14. Be2 Qb6 15. h3 Be6 16. Rfd1 Rfe8 17. Ne1 Ne7 18. Nd3 Nf5 19. Nf4 Bf7 20. Bf3 Nxe3 21. fxe3 Qd6 22. Re1 f5 23. h4 h6 24. Qf2 Re7 25. Bd1 Rf8 26. Bb3 g5 27. hxg5 hxg5 28. Nh3 Qg6 29. Qg3 Bf6 30. Qd6 Re6 31. Qc5 b6 32. Qc2 Re4 33. Qf2 Rh4 34. Bc2 Be6 35. Qg3 Qh6 36. Kf1 f4 37. Nxf4 Bg7 38. Ke2 gxf4 39. exf4 Rhxf4 0-1

[Event "European Women-ch 2023"]
[Site "Petrovac"]
[Date "2023.03.28"]
[Round "10.14"]
[White "Kostina, Veronika"]
[Black "Dylag, Emilia"]
[Result "0-1"]
[WhiteElo "1855"]
[BlackElo "2052"]
[Annotator "TA"]
[PlyCount "80"]
[EventDate "2023.03.15"]
[EventType "swiss"]
[EventCountry "MNE"]
[SourceTitle "playchess.com"]
[Source "ChessBase"]
[SourceQuality "1"]

1. Nf3 Nf6 2. g3 e6 3. Bg2 d5 4. O-O Be7 5. d4 O-O 6. c4 dxc4 7. Ne5 Nc6 8. Nxc6 bxc6 9. Na3 Nd5 10. Nxc4 c5 11. dxc5 Bxc5 12. b3 Ba6 13. Bb2 Qe7 14. Rc1 Rad8 15. Qc2 Qg5 16. a3 Be7 17. h4 Qg6 18. e4 Bxc4 19. Qxc4 Nf6 20. Qxc7 Rd7 21. Qc6 Rd2 22. Rc2 Rxc2 23. Qc4 Rc3 24. Qxc3 Nh5 25. Qc7 Bd8 26. Qc1 Bb6 27. Kh1 f5 28. exf5 Qxf5 29. Qc3 Bxf2 30. Kh2 Bxg3+ 31. Kh1 Bf2 32. Rd1 Qf4 33. Qh3 Ng3+ 34. Kh2 Nf5+ 35. Kh1 Bxh4 36. Rd7 Rc8 37. Qd3 Bg5 38. Qa6 Qh4+ 39. Kg1 Be3+ 40. Kf1 Qf2# 0-1

[Event "European Women-ch 2023"]
[Site "Petrovac"]
[Date "2023.03.28"]
[Round "10.15"]
[White "Hrebenshchykova, Yelyzaveta"]
[Black "Jarocka, Liwia"]
[Result "0-1"]
[WhiteElo "2289"]
[BlackElo "2181"]
[Annotator "TA"]
[PlyCount "70"]
[EventDate "2023.03.15"]
[EventType "swiss"]
[EventCountry "MNE"]
[SourceTitle "playchess.com"]
[Source "ChessBase"]
[SourceQuality "1"]

1. Nf3 d5 2. g3 Nf6 3. Bg2 c6 4. O-O Bf5 5. d3 h6 6. c4 e6 7. cxd5 exd5 8. Qb3 Qb6 9. Qc2 Bh7 10. Nc3 Be7 11. e4 O-O 12. Re1 dxe4 13. dxe4 Re8 14. Be3 Qa5 15. a3 Nbd7 16. b4 Qc7 17. Nd2 a5 18. bxa5 Qxa5 19. Nb3 Qh5 20. h3 Bxa3 21. g4 Qe5 22. f4 Qe7 23. Bf2 Bb4 24. Rxa8 Rxa8 25. f5 Ne5 26. Rd1 Rd8 27. Na4 Rxd1+ 28. Qxd1 Nfd7 29. Qd4 b5 30. Nb6 f6 31. Na8 Kh8 32. Qa7 Bg8 33. Nd4 Bc5 34. Qb7 Qd6 35. Nf3 Qd1+ 0-1

[Event "European Women-ch 2023"]
[Site "Petrovac"]
[Date "2023.03.28"]
[Round "10.15"]
[White "Aydin, Gulenay"]
[Black "Golsta, Ramona"]
[Result "0-1"]
[WhiteElo "2039"]
[BlackElo "1760"]
[Annotator "TA"]
[PlyCount "78"]
[EventDate "2023.03.15"]
[EventType "swiss"]
[EventCountry "MNE"]
[SourceTitle "playchess.com"]
[Source "ChessBase"]
[SourceQuality "1"]

1. e4 c5 2. Nf3 Nc6 3. Bb5 d6 4. O-O Bd7 5. Re1 a6 6. Bf1 Bg4 7. c3 g6 8. d4 cxd4 9. cxd4 Bxf3 10. gxf3 Bg7 11. Be3 Nf6 12. Nc3 O-O 13. Qd2 Nh5 14. f4 f5 15. Be2 e5 16. Bxh5 gxh5 17. dxe5 dxe5 18. Qxd8 Raxd8 19. exf5 exf4 20. Bxf4 Rxf5 21. Be3 Ne5 22. Red1 Rdf8 23. Nd5 R8f7 24. Rac1 Nf3+ 25. Kf1 Nxh2+ 26. Ke2 Ng4 27. Rc8+ Bf8 28. Bc5 Kg7 29. Bxf8+ Rxf8 30. Rxf8 Kxf8 31. f3 Re5+ 32. Kf1 Rxd5 33. Rc1 Ne5 34. Ke2 Kf7 35. Ke3 Kf6 36. b3 Kf5 37. Rh1 Rd3+ 38. Ke2 Kg5 39. Rg1+ Kf4 0-1

[Event "European Women-ch 2023"]
[Site "Petrovac"]
[Date "2023.03.28"]
[Round "10.16"]
[White "Schulze, Lara"]
[Black "Gaboyan, Susanna"]
[Result "1-0"]
[WhiteElo "2277"]
[BlackElo "2160"]
[Annotator "TA"]
[PlyCount "119"]
[EventDate "2023.03.15"]
[EventType "swiss"]
[EventCountry "MNE"]
[SourceTitle "playchess.com"]
[Source "ChessBase"]
[SourceQuality "1"]

1. e4 c5 2. Nf3 Nc6 3. Nc3 e5 4. Bc4 d6 5. d3 Be7 6. O-O Nf6 7. Bg5 Bg4 8. h3 Bh5 9. Bxf6 Bxf6 10. Nd5 O-O 11. a4 Bg5 12. g4 Bg6 13. c3 Kh8 14. Kg2 Bh6 15. h4 f6 16. h5 Bf7 17. Nh4 g6 18. hxg6 hxg6 19. f4 Bxd5 20. Bxd5 Ne7 21. f5 Kg7 22. Qf3 Bf4 23. fxg6 Qb6 24. Qe2 Rh8 25. Rh1 Nxd5 26. exd5 Bg5 27. Nf5+ Kxg6 28. Ng3 Kf7 29. Raf1 Rag8 30. a5 Qb3 31. c4 Ke7 32. Ne4 Bf4 33. Rxh8 Rxh8 34. Rxf4 Rf8 35. Rf1 Qa4 36. Rh1 Rf7 37. Ng3 Qxa5 38. Nf5+ Kd7 39. Rh6 Kc7 40. Rg6 b5 41. Rg7 Rxg7 42. Nxg7 Kb7 43. Nh5 b4 44. Nxf6 Qd8 45. Ne4 a5 46. b3 a4 47. bxa4 Qd7 48. Qd1 Ka6 49. g5 Ka5 50. Kg3 Qf5 51. Qf3 Qh7 52. Qf8 Kxa4 53. Qxd6 Ka3 54. Qxc5 Qh5 55. d6 Qf7 56. Qxe5 b3 57. Qa5+ Kb2 58. Qc3+ Ka2 59. Nd2 Qb7 60. Qxb3+ 1-0

[Event "European Women-ch 2023"]
[Site "Petrovac"]
[Date "2023.03.28"]
[Round "10.16"]
[White "Silva, Ana Ines Teixeira Da"]
[Black "Hapala, Elisabeth"]
[Result "1/2-1/2"]
[WhiteElo "1792"]
[BlackElo "2072"]
[Annotator "TA"]
[PlyCount "141"]
[EventDate "2023.03.15"]
[EventType "swiss"]
[EventCountry "MNE"]
[SourceTitle "playchess.com"]
[Source "ChessBase"]
[SourceQuality "1"]

1. e4 c5 2. c3 Nf6 3. e5 Nd5 4. Nf3 Nc6 5. Bc4 Nb6 6. Bb3 d5 7. exd6 Bf5 8. O-O e6 9. d4 Bxd6 10. Be3 c4 11. Bc2 O-O 12. Nbd2 Qc7 13. Ne4 Be7 14. Re1 Nd5 15. Ng3 Bxc2 16. Qxc2 h6 17. Qe2 b5 18. Rad1 Rfe8 19. Bc1 Bf8 20. Ne5 Nxe5 21. dxe5 Ne7 22. Rd4 Nf5 23. Nxf5 exf5 24. Bf4 Re6 25. Rd5 a6 26. h4 Rae8 27. Qc2 g6 28. Red1 Bg7 29. Rd7 Qb8 30. Qd2 h5 31. Qd5 Qc8 32. Ra7 Qc6 33. Qxc6 Rxc6 34. Rdd7 Rf8 35. Rd6 Rfc8 36. Rxa6 Rxa6 37. Rxa6 Re8 38. Rb6 Bxe5 39. Be3 Rb8 40. Rxb8+ Bxb8 41. Kf1 Kf8 42. Ke2 Ke7 43. b3 cxb3 44. axb3 Ke6 45. g3 Kd5 46. Kd3 Be5 47. c4+ bxc4+ 48. bxc4+ Kc6 49. Kc2 Bf6 50. Kb3 Be7 51. Kc3 Bf6+ 52. Kb4 Bd8 53. Kc3 Bf6+ 54. Kd3 Be5 55. Bh6 Bf6 56. Bf8 f4 57. Ke4 fxg3 58. fxg3 Bc3 59. Kf4 Be1 60. c5 Bf2 61. Bd6 f6 62. Be7 Bd4 63. Ke4 Be5 64. Kf3 f5 65. Bf8 Kd5 66. Be7 Bc3 67. Bd6 Be1 68. Kf4 Bd2+ 69. Kf3 Bb4 70. Kf4 Bd2+ 71. Kf3 1/2-1/2

[Event "European Women-ch 2023"]
[Site "Petrovac"]
[Date "2023.03.28"]
[Round "10.17"]
[White "Stefanova, Antoaneta"]
[Black "Calzetta Ruiz, Monica"]
[Result "1-0"]
[WhiteElo "2435"]
[BlackElo "2185"]
[Annotator "TA"]
[PlyCount "65"]
[EventDate "2023.03.15"]
[EventType "swiss"]
[EventCountry "MNE"]
[SourceTitle "playchess.com"]
[Source "ChessBase"]
[SourceQuality "1"]

1. d4 e6 2. c4 d5 3. Nc3 c5 4. e3 Nf6 5. Nf3 Nc6 6. a3 a6 7. dxc5 Bxc5 8. b4 Bd6 9. Ra2 O-O 10. Rd2 Qe7 11. cxd5 exd5 12. Nxd5 Nxd5 13. Rxd5 Rd8 14. Be2 Bg4 15. O-O Rd7 16. Rd2 Rad8 17. Qc2 h5 18. Rfd1 Ne5 19. Nd4 Bxe2 20. Rxe2 Qh4 21. f4 Ng4 22. h3 Nxe3 23. Bxe3 Bxf4 24. Bxf4 Qxf4 25. Re4 Qf6 26. Rde1 g6 27. Nf3 Kg7 28. R4e2 Rd3 29. Ne5 Qb6+ 30. Kh1 R3d4 31. Qa2 Qc7 32. Nxf7 R8d7 33. Ng5 1-0

[Event "European Women-ch 2023"]
[Site "Petrovac"]
[Date "2023.03.28"]
[Round "10.17"]
[White "Zhezhovska, Monika"]
[Black "Slaba, Andrea"]
[Result "0-1"]
[WhiteElo "1761"]
[BlackElo "2061"]
[Annotator "TA"]
[PlyCount "146"]
[EventDate "2023.03.15"]
[EventType "swiss"]
[EventCountry "MNE"]
[SourceTitle "playchess.com"]
[Source "ChessBase"]
[SourceQuality "1"]

1. d4 Nf6 2. c4 g6 3. Nc3 d5 4. Nf3 Bg7 5. cxd5 Nxd5 6. e4 Nxc3 7. bxc3 c5 8. Be3 Qa5 9. Qd2 O-O 10. Rb1 b6 11. Rc1 Nd7 12. Bd3 e5 13. d5 f5 14. c4 Qxd2+ 15. Bxd2 fxe4 16. Bxe4 Nf6 17. Bb1 e4 18. Ng5 Bf5 19. O-O h6 20. Nh3 Ne8 21. Rfe1 Nf6 22. Nf4 Rae8 23. f3 g5 24. fxe4 Nxe4 25. Bxe4 Bd4+ 26. Kh1 Bxe4 27. Ne6 Bxg2+ 28. Kxg2 Rf2+ 29. Kh1 Rxd2 30. Rcd1 Rxd1 31. Rxd1 Be5 32. a4 Kf7 33. Kg2 Kg6 34. Re1 Bd6 35. h3 Re7 36. Rb1 Kf5 37. Kf3 h5 38. Rg1 Bf4 39. Rg2 Rh7 40. Nxf4 gxf4 41. h4 Ke5 42. Rd2 Rg7 43. d6 Rg3+ 44. Kf2 Rg8 45. Kf3 Ke6 46. Rd5 Kd7 47. Rxh5 Rg3+ 48. Kxf4 Rc3 49. Ke5 Re3+ 50. Kd5 Rd3+ 51. Ke4 Rc3 52. Rh6 Kc6 53. d7+ Kxd7 54. Kd5 Rd3+ 55. Ke5 Rd4 56. Rh7+ Kc6 57. h5 Rxc4 58. a5 bxa5 59. Rxa7 Kb6 60. Ra8 Rh4 61. Rb8+ Kc6 62. Rc8+ Kb5 63. Rb8+ Kc4 64. Rh8 a4 65. h6 a3 66. h7 a2 67. Ra8 Rxh7 68. Rxa2 Rd7 69. Rc2+ Kb4 70. Ke4 c4 71. Ke3 Kb3 72. Rd2 Rxd2 73. Kxd2 Kb2 0-1

[Event "European Women-ch 2023"]
[Site "Petrovac"]
[Date "2023.03.28"]
[Round "10.18"]
[White "Fataliyeva, Ulviyya"]
[Black "Shpanko, Nadiia"]
[Result "1-0"]
[WhiteElo "2427"]
[BlackElo "2164"]
[Annotator "TA"]
[PlyCount "104"]
[EventDate "2023.03.15"]
[EventType "swiss"]
[EventCountry "MNE"]
[SourceTitle "playchess.com"]
[Source "ChessBase"]
[SourceQuality "1"]

1. Nf3 d5 2. g3 c5 3. b3 Nc6 4. Bb2 d4 5. Bg2 e5 6. O-O Be7 7. e3 e4 8. Ne1 Nf6 9. d3 dxe3 10. fxe3 O-O 11. Qd2 Be6 12. c4 exd3 13. Nxd3 Qd7 14. Nf4 Qxd2 15. Nxd2 Nb4 16. Nxe6 fxe6 17. Bh3 e5 18. Bxe5 Rad8 19. Nf3 Ne4 20. Bc7 Rde8 21. Bd7 Bf6 22. Bxe8 Bxa1 23. Bd7 Bc3 24. a3 Nc2 25. Be6+ Kh8 26. Bd5 Nxe3 27. Bxe4 Nxf1 28. Kxf1 Re8 29. Bd5 Re3 30. Bf4 Re7 31. Bd6 Rd7 32. Bxc5 b6 33. Bd4 Bxd4 34. Nxd4 g5 35. Nf3 h6 36. Ne5 Rc7 37. Nc6 Kg7 38. Ke2 h5 39. b4 h4 40. gxh4 gxh4 41. Kd3 Kf6 42. c5 h3 43. Kc4 Rg7 44. Nd4 bxc5 45. bxc5 Rg4 46. c6 Ke5 47. c7 Rxd4+ 48. Kb3 Kxd5 49. c8=Q Rd3+ 50. Kb2 Rd2+ 51. Kc3 Rg2 52. Qxh3 Rg4 1-0